000 00345nam a22001457a 4500
008 221201b ||||| |||| 00| 0 eng d
020 _a9780133046007
041 _aeng
080 _2FOURTH EDITION
_a616.053
082 _a616.053
100 _a14.2
101 _aPEDIA
245 _aMATERNAL CHILD NURSING CARE
_cLONDON L.M
942 _2udc
_cBK
999 _c59066
_d59066